000 00581nam a2200193 a 4500
005 20220812063808.0
008 991125s1984 mx 000 0 spa u
020 _a968231304X
035 _aUPN01000021418
049 _aCG
050 4 _aJL960
_bR6.48
100 1 _aRouquié, Alain
_934201
245 1 3 _aEl estado militar en América Latina /
_cAlain Rouquié ; tr. Daniel Zadunaisky.
260 _aMéxico :
_bSiglo XXI,
_c1984.
300 _a433 p.
651 4 _aAmérica Latina
_xPolítica y gobierno
_91083
650 4 _aMILITARISMO -
_zAMERICA LATINA
_914627
905 _aLibro
999 _c21418
_d21418